000 00346nam a2200133Ia 4500
008 240624s9999 xx 000 0 und d
041 _aeng
082 _a658 FON
100 _aFONE MARTIN
245 _aPUBLIC SECTOR RISK MANAGEMENT
260 _c2003
_aOxford
_bButterworth Heinemann
300 _axxiv, : 341 : p. : cm. ; 24
365 _cGBP
_b30
999 _c24277
_d24277